Complex analysis / (Record no. 29827)
[ view plain ]
| 000 -LEADER | |
|---|---|
| fixed length control field | 02205cam a2200349 i 4500 |
| 001 - CONTROL NUMBER | |
| control field | 20679441 |
| 003 - CONTROL NUMBER IDENTIFIER | |
| control field | EG-ScBUE |
| 005 - DATE AND TIME OF LATEST TRANSACTION | |
| control field | 20220302152832.0 |
| 008 - FIXED-LENGTH DATA ELEMENTS--GENERAL INFORMATION | |
| fixed length control field | 180914s2019 enka f b 001 0 eng d |
| 020 ## - INTERNATIONAL STANDARD BOOK NUMBER | |
| International Standard Book Number | 9781107134829 |
| 020 ## - INTERNATIONAL STANDARD BOOK NUMBER | |
| International Standard Book Number | 110713482X |
| 040 ## - CATALOGING SOURCE | |
| Original cataloging agency | LBSOR/DLC |
| Language of cataloging | eng |
| Description conventions | rda |
| Transcribing agency | LBSOR |
| Modifying agency | EG-ScBUE |
| 082 04 - DEWEY DECIMAL CLASSIFICATION NUMBER | |
| Classification number | 515.9 |
| Edition number | 22 |
| Item number | MAR |
| 100 1# - MAIN ENTRY--PERSONAL NAME | |
| Personal name | Marshall, Donald E. |
| Fuller form of name | (Donald Eddy), |
| Dates associated with a name | 1947- |
| Relator term | author. |
| 245 10 - TITLE STATEMENT | |
| Title | Complex analysis / |
| Statement of responsibility, etc | Donald E. Marshall, University of Washington, Seattle, WA, USA. |
| 264 #1 - PUBLICATION, DISTRIBUTION, ETC. (IMPRINT) | |
| Place of publication, distribution, etc | Cambridge, United Kingdom ; |
| -- | New York, NY, USA : |
| Name of publisher, distributor, etc | Cambridge University Press, |
| Date of publication, distribution, etc | 2019. |
| 300 ## - PHYSICAL DESCRIPTION | |
| Extent | xiii, 389 pages : |
| Other physical details | illustrations (some color) ; |
| Dimensions | 25 cm |
| 336 ## - CONTENT TYPE | |
| Content type term | text |
| Content type code | txt |
| Source | rdacontent |
| 337 ## - MEDIA TYPE | |
| Media type term | unmediated |
| Media type code | n |
| Source | rdamedia |
| 338 ## - CARRIER TYPE | |
| Carrier type term | volume |
| Carrier type code | nc |
| Source | rdacarrier |
| 504 ## - BIBLIOGRAPHY, ETC. NOTE | |
| Bibliography, etc | Includes bibliographical references. |
| 505 0# - FORMATTED CONTENTS NOTE | |
| Formatted contents note | Analytic functions -- The maximum principle -- Integration and approximation -- Cauchy's theorem -- Elementary maps -- Harmonic functions -- Conformal maps and harmonic functions -- Calculus of residues -- Normal families -- Series and products -- Conformal maps to Jordan regions -- The Dirichlet problem -- Riemann surfaces -- The uniformization theorem -- Meromorphic functions on a Riemann surface. |
| 520 ## - SUMMARY, ETC. | |
| Summary, etc | "Complex Analysis The cover of this book shows two conformal maps that reveal the beautiful potential of complex analysis. Illustrated in full color and written for students of a breadth of disciplines, the clear and thorough writing style in this book explores and demystifies one of the most elegant branches of mathematical analysis. Based on a popular course and covering up-to-date theory, this book covers a one-year graduate level introduction to complex analysis, as well as touching upon topics not seen in competing titles"-- |
| Assigning source | Provided by publisher. |
| 650 #7 - SUBJECT ADDED ENTRY--TOPICAL TERM | |
| Topical term or geographic name as entry element | Functions of complex variables |
| Form subdivision | Textbooks. |
| Source of heading or term | BUEsh |
| 9 (RLIN) | 34488 |
| 650 #7 - SUBJECT ADDED ENTRY--TOPICAL TERM | |
| Topical term or geographic name as entry element | Mathematical analysis |
| Form subdivision | Textbooks. |
| Source of heading or term | BUEsh |
| 653 ## - INDEX TERM--UNCONTROLLED | |
| Resource For college | Generalities |
| Arrived date list | February2022 |
| 655 ## - INDEX TERM--GENRE/FORM | |
| Form subdivision | Reading book |
| 9 (RLIN) | 34232 |
| 906 ## - LOCAL DATA ELEMENT F, LDF (RLIN) | |
| a | 7 |
| b | cbc |
| c | orignew |
| d | 1 |
| e | ecip |
| f | 20 |
| g | y-gencatlg |
| 942 ## - ADDED ENTRY ELEMENTS (KOHA) | |
| Source of classification or shelving scheme | Dewey Decimal Classification |
| Koha item type | Book - Borrowing |
| Withdrawn status | Lost status | Source of classification or shelving scheme | Damaged status | Not for loan | Collection code | Home library | Current library | Shelving location | Date acquired | Source of acquisition | Cost, normal purchase price | Serial Enumeration / chronology | Total Checkouts | Full call number | Barcode | Date last seen | Cost, replacement price | Price effective from | Koha item type |
|---|---|---|---|---|---|---|---|---|---|---|---|---|---|---|---|---|---|---|---|
| Dewey Decimal Classification | Alahram | Central Library | Central Library | First floor | 02/03/2022 | Purchase | 1050.00 | 281 | 515.9 MAR | 000056186 | 15/07/2025 | 1312.50 | 02/03/2022 | Book - Borrowing |